| 000 | 00595nam a2200181 a 4500 | ||
|---|---|---|---|
| 005 | 20140412111240.0 | ||
| 008 | 040302s19uu xx 00 eng d | ||
| 050 |
_aTR(PS E _bDr81 1981 |
||
| 100 | _aOxenbury, Helen | ||
| 245 |
_aDressing / _cHelen Oxenbury. |
||
| 260 |
_aNew York : _bSimon & Schuster Inc, _c1981. |
||
| 300 | _a1 v. (unp.) ; ill. | ||
| 440 | _aBaby Board Books | ||
| 520 | _aSpecially created for babies from age of six months. Mother and fathers and babies can enjoy these books. | ||
| 650 | _aPicture book | ||
| 650 |
_aDressing _xJuvenile literature |
||
| 999 |
_c102681 _d102681 |
||